00599nam a2200205 a 4500001001300000003000900013005001700022008004100039020002300080082001500103100003700118245004700155260005400202300000900256500003500265505001800300650001900318700003000337700002600367nice12345678IN_TiNIC20260116013312.0050524s1998 newa grp 000 0 eng  a8174357 c17500a297.4bGAY aAl-Gaylani, Shaikh, Abd Al-Qadir aJila` Al-Khatirb Purification of the Mind aNew Delhi bAdam Publisher and Distributer c1998 a245p aincludes index and biblioraphy2 aGeneral Index aSufism-Jeelani1 aHusseini S M Al/casnazani1 aDargazelli, Shetha Al